000 00379nam a2200169Ia 4500
003 0STCL
008 150530s9999 xx 000 0 und d
040 _aSTCL
_cSTCL
100 _aSankara Warrior, K.
245 _aBashamagham
260 _bB.V. Books; Trivandrum
_c1958
300 _a0
546 _aMalayalam
942 _2ddc
_cBK
999 _c45706
_d45706
005 20220125170655.0